Nutritious recipes for vigorous health (Record no. 31204)

MARC details
000 -LEADER
fixed length control field 00274nam a2200109Ia 4500
082 ## - DEWEY DECIMAL CLASSIFICATION NUMBER
Classification number 613.2
Item number DUR
100 ## - MAIN ENTRY--AUTHOR NAME
Personal name Duru Jagatiani
245 #0 - TITLE STATEMENT
Title Nutritious recipes for vigorous health
260 ## - PUBLICATION, DISTRIBUTION, ETC. (IMPRINT)
Place of publication Delhi
Name of publisher Hind
Year of publication 1977
942 ## - ADDED ENTRY ELEMENTS (KOHA)
Koha item type Books
Holdings
Withdrawn status Lost status Damaged status Not for loan Home library Current library Date acquired Cost, normal purchase price Full call number Accession Number Koha item type
        RRII Library RRII Library 16/12/2021 6.00 613.2 DUR 11756 Books